Регионална библиотека "Любен Каравелов" - Русе

Le Code civil italien et le Code Napoléon, études de législation comparée | Suivie d'une traduction complète du Code civil italien, annoté et augmenté d'une Conférence de ses articles avec láncien Code Sarde et le Code Napoleon (Запис номер 390318)

MARC детайли
000 -Лидер
Контролно поле с фиксирана дължина nam a22 a 4500
003 - Код на организацията, давaща контролен номер
Контролно поле BLK
005 - Дата и час на последна редакция
Контролно поле 20221208030815.0
008 - Елементи от данни с фиксирана дължина
fixed length control field 180412b bul|||||r ||||||| ||bul||
010 ## - Наследен системен номер
LC control number KNG00009308000
040 ## - Източник на каталожния запис
Идентификатор на билиотеката - собственик на записа BLK
041 ## - Код за език
Код за езика на текст/звукозапис или на отделно заглавие Френски
Код за езика КДБФ Френски
080 ## - УДК
Текстов определител УДК Гражданско право
УДК код - определител по УДК 347
УДК - код + определител 347(450)
УДК определител (450)
080 ## - УДК
Текстов определител УДК Гражданско право
УДК код - определител по УДК 347
УДК - код + определител 347(44)
УДК определител (44)
100 ## - Редна дума - Автор
Автор Huc, Théophile
Авторска отговорност първи автор
R(LIN) 435353
139 ## - Редно поле
Редна дума Huc, Théophile
245 10 - Сведения за заглавието
Заглавие Le Code civil italien et le Code Napoléon, études de législation comparée
Редно поле (дума) Théophile Huc.
Подзаглавни данни T. I-II
Том T. I
Заглавие на том Etudes de législation comparée
245 10 - Сведения за заглавието
Заглавие Suivie d'une traduction complète du Code civil italien, annoté et augmenté d'une Conférence de ses articles avec láncien Code Sarde et le Code Napoleon
Редно поле (дума) Joseph Orsier
250 ## - Област на изданието
Сведения за изданието 2. Ed. considérablement augm.
257 ## - Страна на издаване
Страна на създаване/издаване Франция
260 ## - Област на издателските данни
Място на издаване, разпространение и проч. Paris
Име на издателя, разпространителя и проч. Cotillon, Libr. du conseil d'etat
Година на издаване 1868
9 (RLIN) 435355
300 ## - Физическа характеристика
Размери/Мащаб 21 cm
380 ## - Жанр
Жанр Обществени науки
490 ## - СЕРИИ (Колекции)
Име на серия Колекция Редки и ценни издания
9 (RLIN) 435080
650 #0 - Допълнително описание по предмет – тема
Основно описание – тема или топоним Граждански процесуален кодекс - Франция
9 (RLIN) 435307
650 #0 - Допълнително описание по предмет – тема
Основно описание – тема или топоним Граждански процесуален кодекс - Италия
9 (RLIN) 435357
653 ## - Ключова дума – ненормативна
Ключова дума граждански процес
653 #0 - Ключова дума – ненормативна
Ключова дума Наполеонов кодекс
9 (RLIN) 435356
760 1# - Описание на основната серия
Редна дума на основното описание Huc, Théophile
Място на издаване, издател и година Paris, 1868
Страници - том 375 p.
Заглавие Т. I. Etudes de législation comparée
852 ## - Местоположение
Форматна сигнатура Рф 868
Фондова буква Редки и ценни
856 4# - Електронен адрес и достъп
Електронен формат pdf - файл
Път до файла /url/
856 4# - Електронен адрес и достъп
Електронен формат pdf - файл
Път до файла /url/
999 ## - СИСТЕМНИ КОНТРОЛНИ НОМЕРА
Koha biblionumber 390318
Koha biblioitemnumber 390318
942 ## - АРТИКУЛИ
Вид на библиотечния материал Книги
Скрит в OPAC Не
Периодичен библиозапис Да
944 ## - СЪЗДАВАНЕ И РЕДАКЦИЯ на ЗАПИСА
Създаване/Редакция Създаване
Дата на регистрацията/редакция 2020-10-19
Служител, извършил регистрацията/редакцията ТД
944 ## - СЪЗДАВАНЕ И РЕДАКЦИЯ на ЗАПИСА
Създаване/Редакция Редакция
Дата на регистрацията/редакция 23.06.2005
999 ## - СИСТЕМНИ КОНТРОЛНИ НОМЕРА
Koha biblioitemnumber 390318
999 ## - СИСТЕМНИ КОНТРОЛНИ НОМЕРА
Koha biblioitemnumber 390318
999 ## - СИСТЕМНИ КОНТРОЛНИ НОМЕРА
Koha biblioitemnumber 390300
999 ## - СИСТЕМНИ КОНТРОЛНИ НОМЕРА
Koha biblioitemnumber 390300
999 ## - СИСТЕМНИ КОНТРОЛНИ НОМЕРА
Koha biblioitemnumber 390291
999 ## - СИСТЕМНИ КОНТРОЛНИ НОМЕРА
Koha biblioitemnumber 390291
999 ## - СИСТЕМНИ КОНТРОЛНИ НОМЕРА
Koha biblioitemnumber 7973
999 ## - СИСТЕМНИ КОНТРОЛНИ НОМЕРА
Koha biblioitemnumber 7973
999 ## - СИСТЕМНИ КОНТРОЛНИ НОМЕРА
Koha biblioitemnumber 7973
Наличности
Код за отписване Код за изгубен артикул Източник на класификационната схема Код за повреда Коз за рестрикции Код за отдаване Артикулен № Име на библиотеката - собственик Име на библиотеката, в която се намира в момента Статус (Текущо местоположение) Дата на вписване в системата Местоположение - отдел Цена в лева Инвентарен номер Систематично азбучна сигнатура Баркод Цена в евро Служебен тип на артикула
  Не е изгубен Universal Decimal Classification Не е повреден само за читалня Специални фондове ( старопечатни, редки и ценни, фонд М. Арнаудов) 803854 Регионална библиотека "Любен Каравелов" Русе Регионална библиотека "Любен Каравелов" Русе Редки и ценни 2020-10-22 Редки и ценни 0.74 13973-І Рф 868 900000036617 0.38 Книги
Vip Innovations Ltd, Rousse, Bulgaria 2025